La imperial Toledo / (Record no. 178232)

MARC details
000 -LEADER
campo de control de longitud fija 00791nam a22002175i 4500
001 - NÚMERO DE CONTROL
campo de control 178232
003 - IDENTIFICADOR DE NÚMERO DE CONTROL
campo de control ES-MaACL
005 - FECHA Y HORA DE LA ÚLTIMA TRANSACCIÓN
campo de control 20250827100728.0
008 - DATOS DE LONGITUD FIJA--INFORMACIÓN GENERAL
campo de control de longitud fija 110524s1968 sp |||| | spa d
080 ## - NÚMERO DE LA CLASIFICACIÓN DECIMAL UNIVERSAL
Número de la Clasificación Decimal Universal 7(460.285 T.)
100 1# - ENTRADA PRINCIPAL--NOMBRE DE PERSONA
Nombre de persona Alcázar, Mariano del.
9 (RLIN) 146666
245 13 - MENCIÓN DEL TÍTULO
Título La imperial Toledo /
Mención de responsabilidad, etc. por Mariano del Alcázar.
260 ## - PUBLICACIÓN, DISTRIBUCIÓN, ETC.
Lugar de publicación, distribución, etc. Madrid :
Nombre del editor, distribuidor, etc. Delblan,
Fecha de publicación, distribución, etc. D. L. 1968.
300 ## - DESCRIPCIÓN FÍSICA
Extensión 16 p. ;
Dimensiones 16 cm.
490 1# - MENCIÓN DE SERIE
Mención de serie Mosaico cultural : colección de temas instructivos. 1. Maravillas del universo ;
Designación de volumen o secuencia 20
500 ## - NOTA GENERAL
Nota general Encuadernado con otros títulos.
651 #4 - PUNTO DE ACCESO ADICIONAL DE MATERIA--NOMBRE GEOGRÁFICO
Nombre geográfico Toledo-
Subdivisión general Descripción.
9 (RLIN) 9441
830 00 - PUNTO DE ACCESO ADICIONAL DE SERIE-TÍTULO UNIFORME
Título uniforme Mosaico cultural: colección de temas instructivos.
Nombre de parte o sección de la obra Maravillas del universo
Designación de volumen o secuencia 20
9 (RLIN) 190804
852 ## - LOCALIZACIÓN
Ubicación ES-MaACL
Número de control de estantería E-15188 (20)
Encuadernación Olim P-1923
Holdings
Estatus retirado Estado de pérdida Estado de daño No para préstamo Biblioteca de origen Biblioteca actual Ubicación en estantería Fecha de adquisición Fuente de adquisición Total de préstamos Signatura topográfica completa Código de barras Visto por última vez Precio de reemplazo Tipo de ítem Koha
        Biblioteca del Ateneo de Madrid Biblioteca del Ateneo de Madrid Depósito 2 24/05/2011     E-15188 (20) 1187226 23/02/2023 23/02/2023 Libro impreso